000 00576nam a2200217Ia 4500
003 OSt
005 20220928135100.0
006 a|||||r|||| 00| 0
007 ta
008 220927b |||||||| |||| 00| 0 eng d
024 _a650
037 _cTextual
040 _aSDCL
_cSDCL
_beng
041 _2eng
_aeng
082 _aX:16:(B284).2 'N7, L3
100 _aJoshi Y D
_9489324
245 0 _aConcept of consumer price index and dearness allowance
260 _c1973
942 _hX:16:(B284).2 'N7, L3
_cTEXL
_2CC
999 _c804608
_d804608